• 首页
  • 本馆介绍
  • 公告通知
  • 最新文献
  • 馆藏检索
  • 电子资源
  • 读者导购
  • 参考咨询
  • 我的图书馆
  • 登录
  • 详细信息显示
  • 放入我的书架
  • 预约/预借图书
  • 作者相关作品
  • 分类相关作品
  • 丛书相关作品
  • 出版社相关作品

书目信息

  • 表格格式
  • 工作单格式
  • 卡片格式
题名:
河北土地资源
    
 
作者: ;河北省土地管理局 编
分册:  
出版信息: 北京   科学出版社  2000
页数: 456页,[6]页图版
开本: 26cm
丛书名:
单 册:
中图分类: F323.211
科图分类:
主题词: 农业经济--中国 , 土地资源--研究--河北
电子资源:
ISBN: 7-03-007443-2
000 00630nam0 2200205 45
001 0302181451
005 20031219104103.7
010    @a7-03-007443-2@b精装@dCNY78.00
100    @a20030218d2000 km y0chiy0120 ea
101 0  @achi
105    @aakb z 000yy
200 1  @a河北土地资源@AHe Bei Tu Di Zi Yuan@f河北省土地管理局编@FHe Bei ShengTu Di Guan Li Ju Bian
210    @a北京@c科学出版社@d2000
215    @a456页,[6]页图版@c附地图@d26cm
606 0  @a农业经济@x中国
606 0  @a土地资源@x研究@y河北
690    @aF323.211@v4
711 02 @a河北省土地管理局@4编
801    @aCN@bTSTC@c20030218
905    @b319787-788@dF323.211@e36@f2
    
    河北土地资源/河北省土地管理局编.-北京:科学出版社,2000
    456页,[6]页图版:附地图;26cm
    
    
    ISBN 7-03-007443-2(精装):CNY78.00
    
●
相关链接 在E读中查询图书 在五车中查询图书 在当当中查询图书 在豆瓣中查询图书


正题名:河北土地资源     索取号:F323.211/36         预约/预借

序号 登录号 条形码 馆藏地/架位号 状态 备注
1 0319787   203197879   第一借阅区/ [索取号:F323.211/36] 在馆    
2 0319788   203197888   第一样本阅览室/ [索取号:F323.211/36] 在馆    
唐山师范学院图书馆 欢迎您!
大连网信软件有限公司© 版权所有